Daňová politika EÚ v oblasti daní zo spotreby diplomová práca

Na minha lista:
Detalhes bibliográficos
Autor principal: Oravec, Marcel
Autor Corporativo: Národohospodárska fakulta EU. Katedra financií
Outros Autores: Schultzová, Anna
Formato: Livro
Idioma:eslovaco
Publicado em: Bratislava 2009
Tags: Adicionar Tag
Sem tags, seja o primeiro a adicionar uma tag!

MARC

LEADER 00000nam$a2200000$$$4500
001 0096762
005 20240318141233.5
041 0 |a slo 
044 |a SK 
245 1 0 |a Daňová politika EÚ v oblasti daní zo spotreby  |b diplomová práca  |c Marcel Oravec ; škol. Anna Schultzová 
264 1 |a Bratislava  |c 2009 
300 |a 68 s. 
100 1 |a Oravec, Marcel 
700 1 |a Schultzová, Anna 
710 2 |a Národohospodárska fakulta EU. Katedra financií